00566cam a22002053 450000100060000000300080000600500170001400800410003103500190007203500120009104000250010304100080012808200270013610000230016324500520018625000120023826000540025030000300030465000260033445146BD-RjUL20211209053954.0160724s1963 us 000 0 eng d a(BD-RjUL)45264 a2295592 aXNLSbengcXNLSdANL aeng 222 a330.09bROH 1963 1 aRoll, Eric,d1907-12aA history of economic thought /cby Eric Roll. a3rd ed. aN. J. :bPrintice-Hall,c1956 [Printing1963-1964] a540 p. :bill. ; c21 cm  aEconomics xHistory.